[Event "CZE-chT rap"]
[Site "Pardubice"]
[Date "2011.07.15"]
[Round "2"]
[White "Maximov, Dmitry"]
[Black "Safariants, L."]
[Result "1-0"]
[WhiteElo "2486"]
[BlackElo "2052"]
[PlyCount "91"]
[EventDate "2011.07.14"]
[EventType "team-swiss"]
[EventRounds "7"]
[EventCountry "CZE"]
[SourceTitle "CBM 143 Extra"]
[Source "ChessBase"]
[SourceDate "2011.08.29"]
[SourceVersion "1"]
[SourceVersionDate "2011.08.29"]
[SourceQuality "1"]

1. e4 c5 2. Nf3 d6 3. c3 Qa5 4. Bc4 e6 5. Qe2 Nc6 6. 0-0 Be7 7. d4 Qc7 8. Bf4 e5 9. dxe5 dxe5 10. Bg3 Bg4 11. Nbd2 Nf6 12. Bb5 Nd7 13. Nc4 f6 14. Ne3 Be6 15. Bc4 Bxc4 16. Qxc4 Nb6 17. Qb3 0-0-0 18. a4 a5 19. Nd5 Nxd5 20. exd5 Nb8 21. Nd2 Na6 22. Nc4 Bd6 23. Qb5 h5 24. f3 h4 25. Bf2 g5 26. Rad1 Rhg8 27. Qxa5 Qxa5 28. Nxa5 Kc7 29. h3 Rde8 30. Rde1 Re7 31. Nc4 Rh8 32. Ne3 Rd7 33. Re2 Re8 34. Nf5 Bf8 35. Rd1 Red8 36. Red2 Bd6 37. b3 Kb8 38. Kf1 Re8 39. Re2 b6 40. c4 Nc7 41. a5 bxa5 42. Ra1 Kb7 43. Rxa5 Ra8 44. Rxa8 Nxa8 45. Ra2 Kb8 46. Nxd6 1-0